000 00789nam a2200241Ia 4500
003 GCL
008 140319s9999 xx 000 0 ara d
020 _a7250299953
040 _aGCL /
_cGCL
082 0 4 _a658.834
_bج إ
100 1 _aامين الايوبى
245 1 0 _aادارة العملاء كاستثمارات طويلة الامد /
_cامين الايوبى
700 1 _aجوبتا، سونيك
700 1 _aليهمان، دونالد
250 _aالاولى
260 _aبيروت :
_bالدار العربية للعلوم ،
_c2006
300 _a278 ص ؛
_c21 سم
650 0 4 _aادارة الاعمال
650 0 4 _aالعملاء
650 0 4 _aخدمة العملاء
650 0 4 _aخدمة العملاء - ضبط الجودة
942 _2ddc
_cBK
999 _c9447
_d9447